000 00929pam a2200265 a 4500
005 20260322212041.0
008 data
010 _a 98022959
020 _a9780471789185 (pbk.)
040 _aDLC
_cDLC
_dDLC
050 0 0 _aTX714
_b.B573 1998
082 0 0 _a641.5
_221
092 _a641.5 B573 1998
100 1 _aBittman, Mark.
245 1 0 _aHow to cook everything.
_pSimple recipes for great food /
_cMark Bittman.
246 3 _aSimple recipes for great food
260 _aHoboken, NJ :
_bWiley Publishing,
_cc1998.
300 _axvi, 944 p. :
_bill. ;
_c24 cm.
500 _aIncludes index.
650 0 _aCookery.
856 4 2 _3Contributor biographical information
_uhttp://www.loc.gov/catdir/bios/wiley045/98022959.html
856 4 1 _3Table of contents only
_uhttp://www.loc.gov/catdir/toc/wiley022/98022959.html
856 4 2 _3Publisher description
_uhttp://www.loc.gov/catdir/enhancements/fy0607/98022959-d.html
001 data
999 _c968
_d968